Foundations of aerodynamics / (Record no. 67522)
[ view plain ]
| 000 -LEADER | |
|---|---|
| fixed length control field | 00800nam a2200265 a 4500 |
| 001 - CONTROL NUMBER | |
| control field | 67522 |
| 003 - CONTROL NUMBER IDENTIFIER | |
| rucl marc code | BD-RjUL |
| 005 - DATE AND TIME OF LATEST TRANSACTION | |
| control field | 20211209081651.0 |
| 008 - FIXED-LENGTH DATA ELEMENTS--GENERAL INFORMATION | |
| fixed length control field | 170325r19591950nyua 001 0 eng d |
| 035 ## - SYSTEM CONTROL NUMBER | |
| System control number | (BD-RjUL)67653 |
| System control number | (OCoLC)1382333 |
| 040 ## - CATALOGING SOURCE | |
| Original cataloging agency | DLC |
| Transcribing agency | DSI |
| Modifying agency | OCoLC |
| -- | ODaWU |
| -- | Uk |
| -- | BD-RjUL |
| Language of cataloging | eng |
| 041 ## - LANGUAGE CODE | |
| Language code of text/sound track or separate title | eng |
| 082 ## - DEWEY DECIMAL CLASSIFICATION NUMBER | |
| Edition number | 23 |
| Classification number | 629.1323 |
| Author mark and year | KUF 1959 |
| 100 1# - MAIN ENTRY--PERSONAL NAME | |
| Personal name | Kuethe, A. M. |
| Fuller form of name | (Arnold Martin), |
| Dates associated with a name | 1905- |
| 9 (RLIN) | 200079 |
| 245 00 - TITLE STATEMENT | |
| Title | Foundations of aerodynamics / |
| Statement of responsibility, etc. | A. M. Kuethe [and] J. D. Schetzer. |
| 250 ## - EDITION STATEMENT | |
| Edition statement | 2d ed. |
| 260 ## - PUBLICATION, DISTRIBUTION, ETC. (IMPRINT) | |
| Place of publication, distribution, etc. | New York : |
| Name of publisher, distributor, etc. | John Wiley and Sons, |
| Date of publication, distribution, etc. | c1959 |
| 300 ## - PHYSICAL DESCRIPTION | |
| Pagination | xiv, 446 p. : |
| Illustrations | ill. ; |
| Size | 24 cm. |
| 500 ## - GENERAL NOTE | |
| General note | Includes indexes. |
| 650 #0 - SUBJECT ADDED ENTRY--TOPICAL TERM | |
| Topical term or geographic name as entry element | Aerodynamics. |
| 9 (RLIN) | 200080 |
| 700 1# - ADDED ENTRY--PERSONAL NAME | |
| Personal name | Schetzer, Julius David, |
| 942 ## - ADDED ENTRY ELEMENTS (KOHA) | |
| Source of classification or shelving scheme | Dewey Decimal Classification |
| Koha item type | Books |
| Lost status | Source of classification or shelving scheme | Damaged status | Not for loan | Collection code | Permanent Location | Current Location | Shelving location | Date acquired | Source of acquisition | Cost, normal purchase price | Total Checkouts | Full call number | Date last seen | Copy number | Koha item type |
|---|---|---|---|---|---|---|---|---|---|---|---|---|---|---|---|
| Dewey Decimal Classification | Not For Loan | Non-fiction | Central Library, University of Rajshahi | Central Library, University of Rajshahi | Reading Room | 31/10/1962 | Zeitlinger | 89.00 | 629.1323 KUF 1959 | 25/03/2017 | C-1 | Books |